000 00403pab a2200157 454500
008 180718b1998 xxu||||| |||| 00| 0 eng d
100 _aShukla, R.P.
245 _aThe concept of accountability and academic accountability: an overview
260 _c1998
300 _ap.3-6
362 _a29 Jun
650 _aEducation - India
650 _aEducation
773 _aUniversity News
909 _a37929
999 _c37929
_d37929